Find the Pattern Quiz Stats

 Plays Quiz Updated Aug 21, 2013

Support Sporcle.
Go Orange.
Score 0/22 Timer 07:00
0 Plays Today
Clue Answer % Correct
Bacon, Spacey, or RuddKEVIN
90.6%
Number of deadly sinsSEVEN
84.6%
Honda modelCIVIC
68.3%
FilmMOVIE
63%
Roman 27XXVII
61.1%
When Hell freezes overNEVER
60.8%
Smith's toolANVIL
55.7%
Turn on a pointPIVOT
51.2%
Town in Kent or DelawareDOVER
50.9%
JeansLEVI'S
47.8%
Party giftFAVOR
47.2%
Clue Answer % Correct
Special diplomatENVOY
34.1%
Brightly coloredVIVID
32.2%
Song and dance showREVUE
30.3%
VacillateWAVER
29.2%
Chaos, devastationHAVOC
26.9%
Fiddler on the Roof patriarchTEVYE
22%
Start of a geometry problemGIVEN
21.2%
SlantBEVEL
18.1%
Director KershnerIRVIN
16.2%
A type of rhinocerosJAVAN
12.8%
Belgian monastery and breweryORVAL
3.7%

You're not logged in!

Compare scores with friends on all Sporcle quizzes.
OR
Log In
Forgot?

From the Vault

NFL - 3,000+ Rushing Yards

by starcivicrats

We saw this quiz and rushed right in.
Remove Ads.
Support Sporcle.
Get the best of Sporcle when you Go Orange. This ad-free experience offers more features, more stats, and more fun while also helping to support Sporcle. Thank you for becoming a member.

Show Comments

Extras

Top Quizzes Today


Score Distribution

Your Account Isn't Verified!

In order to create a playlist on Sporcle, you need to verify the email address you used during registration. Go to your Sporcle Settings to finish the process.

Report this User

Report this user for behavior that violates our Community Guidelines.

Details: